000 00516nam a2200169 a 4500
001 000020811
005 20200930011153.0
008 100817s1971 nyu 000 0 spa d
040 _aDO-SdBNP
_bspa
_cBPJMB
082 _a421
_bD621s, 1971
100 1 _aDixson, Robert J.,
_943635
245 1 0 _aSecond book in english /
_cRobert J. Dixson.
260 _aNew York :
_bSimon and Schuster,
_c1971.
300 _a122 p. ;
_c22 cm.
650 4 _aIngles
_xEnseƱanza
_912229
650 4 _aIngles
_xLibros de conversación
_919953
999 _c20315
_d20315